|
|
|
|
| LEADER |
00000nab a2200000 a 4500 |
| 001 |
vtls011102318 |
| 003 |
SK-MaSNL |
| 005 |
20260303150046.0 |
| 008 |
230222|1973 xo |||||||||||||||||slo| |
| 015 |
|
|
|a SNBRB
|
| 035 |
|
|
|a (uuid)543f2beb-d285-48ba-8e44-7cae9d4ef261
|
| 035 |
|
|
|a (urnnbn)urn:nbn:sk:snk:ar-007bqs
|
| 035 |
|
|
|a urn:nbn:sk:snk-ab98k9
|
| 040 |
|
|
|a SNKBUCL
|b slo
|c SNKBUCL
|e AACR2
|
| 041 |
0 |
|
|a slo
|
| 044 |
|
|
|a xo
|c SK
|
| 100 |
1 |
|
|a Mačák, Ivan,
|d 1935-2016
|4 aut
|9 52332
|
| 245 |
1 |
0 |
|a Typy slovenských ľudových sláčikových nástrojov
|c I. Mačák
|
| 773 |
0 |
|
|t Studia Academica Slovaca : prednášky ... letnej školy slovenského jazyka a kultúry
|g Roč. 2, č. 2 (1973), s. [85]-93
|
| 954 |
|
|
|a odborná, vedecká literatúra pôvodná (slovenská)
|2 lita
|
| 958 |
|
|
|a OND
|
| 958 |
|
|
|a EUIPO
|
| 958 |
|
|
|a article13
|
| 999 |
|
|
|c 2007342
|d 2009272
|